000 00971nam a22002177a 4500
003 OSt
005 20170608093110.0
008 140214b2016 slv spa
040 _cBMC
082 _a624
100 1 _939343
_aHernández Guzmán, Jorge Alberto
245 1 0 _aPasantía en Calidad y Técnica en Construcción S.A. de C.V. (CATECO S.A. de C.V.)
_b: Informe final
_cJorge Alberto Hernández Guzmán
260 _aSanta Ana (El Salvador)
_bUniversidad Católica de El Salvador
_c2016
300 _a78 h.
_bil. col.
_c27 cm
_e+ 1 disco compacto
500 _aPrecede al tít.: Universidad Católica de El Salvador, Facultad de Ingeniería y Arquitectura
500 _aPeríodo de realización: del 15 de agosto de 2015 al 15 de febrero de 2016
502 _aPara optar al título de: Ingeniero cívil
650 2 4 _98218
_aIngeniería civil
710 2 _91166
_aUniversidad Católica de El Salvador
_bFacultad de Ingeniería y Arquitectura
942 _2ddc
_cTG
999 _c25390
_d25390